[Event "GER-ch Youth U16 2020"]
[Site "Willingen"]
[Date "2020.10.20"]
[Round "1.11"]
[White "Deuer, Marius"]
[Black "Zackrisson, Peter"]
[Result "1-0"]
[WhiteElo "2209"]
[BlackElo "1947"]
[Annotator "TA"]
[PlyCount "78"]
[EventDate "2020.10.20"]
[EventType "swiss"]
[EventRounds "7"]
[EventCountry "GER"]
[SourceTitle "playchess.com"]
[Source "ChessBase"]
[SourceQuality "1"]

{[%evp 17,78,46,71,64,53,67,71,65,84,70,94,82,98,85,100,74,112,113,111,75,104,64,96,108,159,88,191,51,110,117,109,110,124,27,184,-59,74,8,64,-176,-148,-565,0,0,0,0,52,35,142,147,136,15,270,275,233,74,113,0,53,22,25,-109,-79]} 1. d4 Nf6 2. c4 g6 3. Nc3 Bg7 4. g3 O-O 5. Bg2 d6 6. Nf3 c5 7. O-O Nbd7 8. e4 cxd4 9. Nxd4 Nc5 10. h3 {E65: King's Indian: Fianchetto: 6...c5 7 0-0 without d5 by White.} Bd7 11. Be3 Ne6 {[#]} 12. Nde2 $146 {White is better.} ({Predecessor:} 12. Kh2 Rc8 13. b3 a6 14. e5 dxe5 15. Nxe6 Bxe6 16. Qxd8 Rcxd8 17. Bxb7 Rd3 18. Na4 {1-0 (31) Jenul,R (2068)-Tarmastin,L (1736) Lienz 2013}) 12... Qc8 13. b3 Nc5 14. Kh2 a5 15. f4 Bc6 {[%cal Rf6e4]} 16. Qc2 b6 17. Nd4 Bb7 18. Nd5 Qd8 19. Rab1 Rb8 20. Nc3 Rc8 (20... Qc8 $142) 21. Rfd1 ({White should play} 21. e5 dxe5 22. fxe5) 21... Rc7 (21... Qd7 $16) 22. f5 (22. e5 $18) 22... Qa8 (22... Nh5 $14) 23. Nd5 Nxd5 24. exd5 Bc8 {With the idea ...Bxd4.} 25. Qe2 (25. fxg6 $16 hxg6 26. Rf1) 25... Re8 $2 (25... Bxd4 $11 26. Bxd4 Bxf5) 26. Nc6 $2 (26. Nb5 $18 Rd7 27. Rf1) 26... Bd7 {[#]} (26... Bxf5 $15 27. Rbc1 Qc8) 27. g4 (27. fxg6 $1 $16 hxg6 28. Nd4) 27... e6 (27... gxf5 $11 28. Rf1 fxg4) 28. Bf2 $2 (28. fxe6 $14 {stays ahead.} Bxc6 29. dxc6 Rxe6 30. Bd5) 28... exd5 (28... Bxc6 29. dxc6 exf5 30. Qf3 $15) (28... gxf5 29. Re1 $15) 29. Qc2 $2 {[%mdl 8192]} (29. Ne7+ $17 {was the crucial defense.} Kf8 30. Bg3 (30. Bxd5 $2 Qd8 $19)) 29... Qa6 $2 ({Weaker is} 29... Qxc6 30. Bxd5 Bxf5 31. gxf5 $14) (29... Bxc6 $19 30. Bxd5 Rce7) 30. cxd5 $11 gxf5 31. Re1 Bxc6 (31... Rxe1 $11 32. Rxe1 Qd3) 32. dxc6 $14 Qc8 (32... Ne4 $14) 33. Rxe8+ $16 Qxe8 34. Re1 ({Better is} 34. Qxf5 $16 {Black must now prevent Re1.} Qe5+ 35. Qxe5 Bxe5+ 36. Kh1) 34... Re7 $2 {[%mdl 8192]} (34... Be5+ $11 {and Black is okay.} 35. Kh1 Rxc6 36. Qxf5 Rc7) 35. Rxe7 $18 Qxe7 36. a3 $2 ({Much less strong is} 36. gxf5 $6 Be5+ 37. Kh1 d5) (36. Qxf5 $18 {is the precise move to win. Strongly threatening Qc8+.} Be5+ 37. Kh1) 36... Qc7 37. b4 ({White should try} 37. Bd5 $16) 37... Ne6 (37... d5+ $11 38. Kg1 Ne4) 38. bxa5 bxa5 39. Qb3 {[#]} (39. gxf5 $11 {keeps the balance.} Nd4 40. Qc1 d5+ 41. Kh1 Qxc6 42. Qxc6 Nxc6 43. Bxd5) 39... d5+ $1 {[%mdl 32768] Av CentiPawn Loss W=-65/B=-60. Weighted=-81/-98. Loss on time!?} 1-0

[Event "GER-ch Youth U16 2020"]
[Site "Willingen"]
[Date "2020.10.20"]
[Round "1.12"]
[White "Müller, Magnus"]
[Black "Sulayev, Daniel"]
[Result "0-1"]
[WhiteElo "2030"]
[BlackElo "2193"]
[Annotator "TA"]
[PlyCount "34"]
[EventDate "2020.10.20"]
[EventType "swiss"]
[EventRounds "7"]
[EventCountry "GER"]
[SourceTitle "playchess.com"]
[Source "ChessBase"]
[SourceQuality "1"]

{[%evp 9,34,29,76,27,42,0,0,0,0,4,0,0,20,0,-9,-4,26,32,36,-183,-9,-260,-265,-270,-253,-287,-293]} 1. Nf3 g6 2. e4 Bg7 3. c4 d6 4. Be2 c5 5. d4 Bg4 6. dxc5 {A40: Unusual replies to 1 d4.} Qa5+ {[#]} 7. Nbd2 $146 ({Predecessor:} 7. Bd2 Qxc5 8. Nc3 Nc6 9. Nd5 Bxf3 10. Bxf3 Rc8 11. b4 Qxc4 12. Rc1 Qd3 13. Nf4 {1-0 (59) Navara,D (2708)-Hracek,Z (2638) Brno 2013}) 7... dxc5 8. O-O {The position is equal.} Qc7 9. h3 Bxf3 10. Nxf3 Nc6 11. Qa4 e6 12. Be3 b6 {[%cal Bb7b6,Bb6b5][%mdl 32]} 13. Bf4 Qb7 14. Ne5 $2 {[#]} (14. Rad1 $14 {keeps the upper hand.}) 14... Nge7 $2 ({Much less strong is} 14... b5 15. cxb5 Nxe5 16. Rfd1 $17) ({Black should try} 14... Bxe5 $19 15. Bxe5 b5) 15. Bf3 $2 {[%mdl 8192]} (15. Nxc6 $11 {and White stays safe.} Qxc6 16. Qc2) 15... Bxe5 $19 {Black has a decisive advantage.} ({Don't take} 15... b5 16. Nxf7 Kxf7 17. Qxb5 $19) 16. Bxe5 b5 $1 {[%cal Rb5a4]} 17. cxb5 Nxe5 {Av CentiPawn Loss W=-50/B=-20. Weighted=-78/-36} 0-1

[Event "GER-ch Youth U16 2020"]
[Site "Willingen"]
[Date "2020.10.21"]
[Round "2.1"]
[White "Deuer, Marius"]
[Black "Köllner, Ruben Gideon"]
[Result "0-1"]
[WhiteElo "2209"]
[BlackElo "2337"]
[Annotator "TA"]
[PlyCount "78"]
[EventDate "2020.10.20"]
[EventType "swiss"]
[EventRounds "7"]
[EventCountry "GER"]
[SourceTitle "playchess.com"]
[Source "ChessBase"]
[SourceQuality "1"]

{[%evp 9,78,30,40,36,56,52,47,50,63,50,96,62,45,55,61,33,57,2,-2,0,-15,0,70,47,49,-53,-61,-55,-63,-49,-25,-29,82,56,82,-21,-18,-151,-60,-62,-40,-42,-57,-85,19,-151,-130,-150,-116,-186,-164,-212,-90,-84,-31,-202,-31,-420,-414,-418,-418,-391,-412,-413,-407,-585,-585,-574,-538,-605,-599]} 1. d4 d6 2. Nf3 Nf6 3. c4 g6 4. Nc3 Bf5 5. Qb3 b6 6. h3 {E61: King's Indian: Early deviations for White, including Smyslov System.} c5 7. g4 Bd7 8. d5 {White is slightly better.} Bg7 9. e4 Na6 10. Bg2 O-O 11. O-O Nc7 12. a4 {[#]} h5 $146 ({Predecessor:} 12... e5 13. Ne1 h5 14. f3 Qe7 15. Nd3 hxg4 16. fxg4 Nh7 17. Ne2 Bf6 18. Bh6 Rfb8 {0-1 (39) Voit,D (2336)-Shimanov,A (2587) Khanty-Mansiysk 2019}) 13. e5 (13. g5 $14 Nh7 14. Bd2) 13... dxe5 $11 14. g5 Nfe8 15. Re1 $1 f6 ({Black should play} 15... Qc8 $11 16. Kh2 Qb8) 16. Nh4 $36 {[%mdl 2048] Black is under pressure.} Kh7 $1 17. f4 (17. gxf6 $14 Bxf6 18. Nf3) 17... fxg5 $15 18. fxg5 Nd6 $1 19. Ne4 Nce8 20. Ng3 $1 Qc8 (20... Nf5 $1 $11 21. Nhxf5 Bxf5) 21. Qd1 $1 $16 {And now Nxg6! would win.} (21. Nxg6 $2 Kxg6 22. Qd1 Rh8 $17) 21... Bf5 $1 22. Nhxf5 (22. Ra3 $16) 22... Nxf5 $11 23. Nxf5 (23. Nxh5 $1 $11 {remains equal.} Bh8 24. Ra3) 23... Qxf5 ({Black should try} 23... Rxf5 $17 24. Qe2 Nd6) 24. Rf1 $15 Qd7 25. Rxf8 Bxf8 26. Qe2 Bg7 {[#]} (26... Nd6 $17) 27. Bd2 $2 (27. d6 $1 $11 {[%mdl 512]} e4 (27... Qxd6 28. Bxa8) 28. Bxe4 Qxh3 29. Ra3 Bd4+ 30. Be3 Qg3+ 31. Kf1 Qh3+ 32. Bg2 Qf5+ 33. Bf2 Bxf2 34. Qxf2) 27... Nd6 $17 28. Bc3 Rf8 29. b3 (29. Bxe5 $17 Bxe5 30. Qxe5) 29... Rf5 30. h4 {[#]} Rf4 (30... Rf7 $1 $19 {is more deadly.} 31. a5 Nf5 32. axb6 axb6) 31. Bxe5 Qg4 (31... Rxh4 $17 {Hoping for ...Bxe5.} 32. Bxg7 Kxg7) 32. Re1 $2 {[#]} (32. Qxg4 $1 $15 Rxg4 33. Re1) 32... Re4 $2 ({Better is} 32... Bxe5 $1 $19 33. Qxe5 Rf7) 33. Qxg4 $4 {[%mdl 8192]} (33. Qxe4 $1 $15 Nxe4 34. Rxe4 Qd1+ 35. Kh2) 33... Rxe1+ $19 34. Kf2 {Qd7 is the strong threat.} hxg4 35. Bxd6 Bc3 ({Inferior is} 35... exd6 36. Kxe1 Bd4 37. Be4 $14) 36. Bb8 Rb1 37. Bxa7 (37. Be4 {was called for.} Rxb3 38. h5) 37... Rxb3 {Black is clearly winning.} 38. Be4 Kg7 39. Kg3 Be5+ {[%mdl 64] Discovered Attack (Double check). Av CentiPawn Loss W=-47/B=-28. Weighted=-55/-32} 0-1

[Event "GER-ch Youth U16 2020"]
[Site "Willingen"]
[Date "2020.10.21"]
[Round "2.2"]
[White "Kölle, Tobias"]
[Black "Pahl, Erik"]
[Result "1/2-1/2"]
[WhiteElo "2323"]
[BlackElo "2097"]
[Annotator "TA"]
[PlyCount "96"]
[EventDate "2020.10.20"]
[EventType "swiss"]
[EventRounds "7"]
[EventCountry "GER"]
[SourceTitle "playchess.com"]
[Source "ChessBase"]
[SourceQuality "1"]

{[%evp 11,96,0,7,0,0,0,0,0,0,0,34,23,54,54,51,55,55,57,71,-6,15,31,11,0,0,0,0,-89,-101,-112,-34,-44,-44,-128,-140,-210,-197,-213,-220,-254,-213,-300,-296,-354,-362,-348,-311,-417,-440,-1991,-2789,-5331,-5252,-2652,-2759,-1810,-869,-1685,-598,-1039,-588,-775,-655,-1153,-1143,-1375,-1340,-1405,-1360,-1222,-1029,-737,-13,-37,0,0,0,0,0,0,0,0,0,0,0,0,0]} 1. d4 Nf6 2. c4 e6 3. Nc3 Bb4 4. e3 O-O 5. Bd2 d5 6. Nf3 Nbd7 7. Rc1 {E51: Nimzo-Indian: Rubinstein: 4...0-0 5 Nf3 d5.} Be7 $1 {[%mdl 4] is more profitable than 7...c6 at the moment.} 8. cxd5 exd5 9. Bd3 Re8 10. O-O {[#]} Nf8 $146 ({Predecessor:} 10... c6 11. a3 a5 12. Qc2 Bd6 13. e4 dxe4 14. Nxe4 Nxe4 15. Bxe4 h6 16. h3 Nf6 {½-½ (32) Madeira de Ley,T-Ribeiro,S Rio de Janeiro 1958}) 11. Ne5 c6 12. f4 N6d7 13. Qh5 {White threatens Bxh7+! and mate.} Nxe5 14. fxe5 (14. dxe5 d4 $17) 14... f6 15. Be1 (15. Ne2 $16) 15... g6 16. Qf3 {[%cal Re5f6]} fxe5 17. Bg3 {Threatens to win with Qf7+.} Be6 {...e4 is the strong threat.} 18. Bxe5 Nd7 19. Ne2 (19. Bf4 $11 {keeps the balance.}) 19... Nxe5 $17 20. dxe5 Qc7 (20... Bg5 $17 21. Qg3 Bh4) 21. Qg3 $1 $15 {Black must now prevent Bxg6!} Bf8 22. h4 (22. Rf6 $15 Bg7 23. Rcf1 Bxf6 24. Rxf6) 22... Bg7 $17 23. h5 (23. Nd4 $17) 23... gxh5 $19 (23... Qxe5 24. Qxe5 Bxe5 25. hxg6 $17) (23... Bxe5 24. Nf4 $15) 24. Nf4 {Threatening Bxh7+!} Qxe5 25. Qf2 {and the idea Qc2 leaves White hopeful.} Re7 ({Much less strong is} 25... Qxb2 26. Qxb2 Bxb2 27. Rb1 $17) 26. Qc2 (26. Nxe6 $142 Qxe6 27. Rce1) 26... Bh6 ({Don't play} 26... Qxe3+ 27. Kh1 $19) 27. Kh1 Bg4 28. Rce1 Rf8 29. b4 d4 30. exd4 (30. Qc4+ $142 Kh8 31. Ne2) 30... Qxe1 31. Bxh7+ {[#]} Kh8 $1 32. Ng6+ {[#]} Kg7 $1 33. Rxe1 Rxe1+ 34. Kh2 Re2 (34... Rff1 $142 {( -> ...h4)} 35. d5 {[#]} Bf5 $1 {[%mdl 512]}) 35. Qd3 Re3 36. Qc4 Be6 (36... Kxh7 $2 37. Nxf8+ Kg7 38. d5 $19) 37. d5 Bxd5 38. Qd4+ Rf6 39. b5 Re2 40. bxc6 Rxg2+ 41. Kh3 Bxc6 $2 ({Weaker is} 41... Kxh7 42. Nh4 $17) ({Better is} 41... Rd2 $19 42. Qe5 bxc6) 42. Nh4 $1 $11 {[%cal Rh4g2]} Rg4 43. Nf5+ $1 {The position is equal.} Kf7 44. Bg8+ $1 Kg6 (44... Rxg8 $5 45. Qc4+ $8 Ke8 46. Qxg8+ Bf8 47. Ng7+ Kd7 $11) 45. Ne7+ Kg7 46. Nf5+ $1 Kg6 47. Ne7+ Kg7 48. Nf5+ $1 Kg6 {Whites escaped into a draw. Av CentiPawn Loss W=1/B=-50. Weighted=-67/-35} 1/2-1/2

[Event "GER-ch Youth U16 2020"]
[Site "Willingen"]
[Date "2020.10.21"]
[Round "2.3"]
[White "Sulayev, Daniel"]
[Black "Dobrikov, Marco"]
[Result "1-0"]
[WhiteElo "2193"]
[BlackElo "2332"]
[Annotator "TA"]
[PlyCount "113"]
[EventDate "2020.10.20"]
[EventType "swiss"]
[EventRounds "7"]
[EventCountry "GER"]
[SourceTitle "playchess.com"]
[Source "ChessBase"]
[SourceQuality "1"]

{[%evp 9,113,27,26,0,0,5,25,38,41,29,65,16,23,1,9,0,89,77,100,43,132,121,133,124,131,78,82,77,84,53,47,23,24,33,54,58,54,57,71,70,175,175,208,92,92,92,92,92,93,92,92,92,141,138,115,44,106,43,170,166,163,157,150,8,61,132,293,269,248,248,721,672,1283,1167,4570,1195,6107,6103,6091,5620,29983,29984,29984,29985,29985,29986,29986,29987,29987,29988,29989,29989,29992,29990,29990,29990,29993,29990,29990,29991,29994,29995,29995,29996,29998,29999]} 1. c4 c5 2. Nf3 Nc6 3. e3 Nf6 4. Nc3 e5 5. d4 e4 6. d5 {A34: Symmetrical English: 2 Nc3, lines with ...d5.} (6. Ne5 {is interesting.} g6 7. Be2 Bg7 8. O-O O-O 9. a3) 6... exf3 7. dxc6 fxg2 8. cxd7+ {White has an edge.} Bxd7 9. Bxg2 g6 {[#]} 10. Bxb7 $146 ({Predecessor:} 10. O-O Bg7 11. Qd6 Qe7 12. Qxe7+ Kxe7 13. Bxb7 Rab8 14. Bg2 Bf5 15. b3 Rhd8 16. Ba3 {½-½ (49) Sevian,S (2647)-Vachier Lagrave,M (2780) chess.com INT 2019}) 10... Rb8 11. Bg2 $36 {[%mdl 2048] White is more active.} Bg7 12. Qd6 Qb6 (12... Ng4 $11) 13. Qxb6 $16 Rxb6 14. Ke2 (14. O-O $16) 14... Be6 (14... O-O $14) 15. b3 Ne4 16. Bxe4 Bxc3 17. Rb1 (17. Ba3 $142 $1) 17... f5 18. Bd3 Kf7 19. Bd2 Bf6 20. Rhc1 Rd6 21. Bc3 Rhd8 22. Bxf6 Kxf6 23. Rd1 f4 24. Bc2 ({Not} 24. exf4 $2 Rxd3 $1 {[%mdl 512]} 25. Rxd3 Rxd3 $19) 24... Bg4+ (24... fxe3 $14 25. Rxd6 (25. Kxe3 Rd4 $14) 25... Rxd6 26. Kxe3 Bf5 27. Bxf5 Kxf5) 25. f3 $18 Bf5 26. Rxd6+ (26. Bxf5 $1 $18 {and the rest is easy.} Rxd1 27. Rxd1 Rxd1 28. Kxd1 Kxf5 29. exf4) 26... Rxd6 $16 27. Bxf5 Kxf5 $18 {[%mdl 4096] Endgame KR-KR} 28. e4+ Ke5 29. h4 Ra6 30. Rb2 Kd4 31. Rd2+ Kc3 32. Kd1 ({Better is} 32. e5 $16) 32... h6 ({Black should try} 32... Rc6 $14) 33. e5 ({White should play} 33. Ke2 $16) 33... g5 (33... Re6 $1 $14) 34. hxg5 hxg5 35. Re2 {Strongly threatening e6.} Re6 36. Re4 (36. Ke1 $1 $16) 36... Kd3 (36... Kb2 $11) 37. Ke1 $1 $14 {White leaves nothing to chance now.} a5 $2 {[#]} (37... g4 $16) 38. Kf2 $1 $18 {[%cal Rf2g1]} g4 39. Rxf4 {Hoping for Re4.} Rxe5 $2 (39... g3+ 40. Kxg3 Rxe5) 40. fxg4 Re2+ 41. Kg3 Rxa2 42. g5 Ra1 43. Rg4 Rb1 44. Kf4 Rxb3 {[#]} 45. Rg3+ $1 {White mates.} Kxc4 46. Rxb3 Kxb3 {KPP-KP} 47. g6 a4 48. g7 a3 49. g8=Q+ Kb2 50. Qg2+ Kb1 51. Qf1+ Kb2 52. Qe2+ Kb1 53. Qd1+ Kb2 54. Qd2+ Kb1 {[#]} 55. Qc3 $1 a2 56. Qb3+ Ka1 57. Qc2 {Av CentiPawn Loss W=-51/B=-120. Weighted=-37/-92} 1-0

[Event "GER-ch Youth U16 2020"]
[Site "Willingen"]
[Date "2020.10.21"]
[Round "2.4"]
[White "Skabs, Denis"]
[Black "Kolb, Tobias"]
[Result "0-1"]
[WhiteElo "1875"]
[BlackElo "2268"]
[Annotator "TA"]
[PlyCount "70"]
[EventDate "2020.10.20"]
[EventType "swiss"]
[EventRounds "7"]
[EventCountry "GER"]
[SourceTitle "playchess.com"]
[Source "ChessBase"]
[SourceQuality "1"]

{[%evp 22,70,-6,-33,-6,-39,-11,-14,0,-29,0,-8,0,-79,-82,-83,-89,-76,-69,-122,-97,-102,-103,-102,-99,-99,-94,-94,-89,-89,-81,-87,-87,-102,-104,-105,-99,-134,-97,-139,-118,-118,-111,-116,-120,-104,-104,-212,-189,-987,-936]} 1. e4 c6 2. d4 d5 3. exd5 cxd5 4. c4 Nf6 5. Nc3 e6 6. Bg5 Be7 7. Nf3 O-O 8. a3 b6 9. Bd3 Bb7 10. O-O dxc4 11. Bxc4 Nc6 12. Rc1 Rc8 {B14: Caro-Kann: Panov-Botvinnik Attack with 5...e6 and 5...g6.} 13. Bd3 {[#]} g6 $146 ({Predecessor:} 13... Na5 14. Ne5 h6 15. Be3 Nd5 16. Qh5 Bg5 17. Bxg5 Qxg5 18. Qxg5 hxg5 19. Nxd5 Bxd5 20. Ba6 Rxc1 21. Rxc1 {½-½ (66) Onkoud,A (2420)-Inkiov,V (2517) Marseille 2006}) 14. Bb1 Na5 {The position is equal.} 15. Ne5 Nd7 16. Bxe7 Qxe7 17. Ne4 (17. Qe2 $11 {keeps the balance.}) 17... Bxe4 $17 18. Bxe4 Nxe5 19. dxe5 Nc4 20. g3 (20. Qc2 $15) 20... Nxe5 21. Qd4 Nd7 22. b4 Nf6 23. Bf3 e5 24. Qe3 Rxc1 25. Rxc1 e4 26. Re1 {[%cal Rf3e4]} Re8 27. Qf4 a5 28. bxa5 bxa5 29. g4 Kg7 30. Qe3 Qe6 31. Qd4 {[#] And now g5 would win.} Qe5 32. Qxe5 Rxe5 33. h3 h5 34. Kh2 (34. gxh5 $17 {was necessary.} Rg5+ 35. Bg2) 34... hxg4 $19 35. hxg4 $2 {[#]} (35. Bxg4 Rc5 36. Rb1) 35... exf3 {[%mdl 64] Discovered Attack. White did not feel at home in the position after the opening. Av CentiPawn Loss W=-54/B=-12. Weighted=-55/-11} 0-1

[Event "GER-ch Youth U16 2020"]
[Site "Willingen"]
[Date "2020.10.21"]
[Round "2.5"]
[White "Boder, Jan"]
[Black "Simukov, Erik"]
[Result "1-0"]
[WhiteElo "2155"]
[BlackElo "2012"]
[Annotator "TA"]
[PlyCount "55"]
[EventDate "2020.10.20"]
[EventType "swiss"]
[EventRounds "7"]
[EventCountry "GER"]
[SourceTitle "playchess.com"]
[Source "ChessBase"]
[SourceQuality "1"]

{[%evp 19,55,4,0,0,34,19,170,171,193,185,200,195,220,249,231,188,221,242,233,237,345,316,411,418,420,397,351,284,854,854,865,865,853,864,942,946,916,941]} 1. c4 e6 2. g3 d5 3. Bg2 Nf6 4. Nf3 Be7 5. O-O O-O 6. b3 c5 7. cxd5 Nxd5 8. Bb2 b6 9. d4 Bb7 10. dxc5 Bxc5 11. Nbd2 {[%cal Bb1d2,Bd2e4,Be4c5][%mdl 32] A14: English Opening: 1...e6 with b3 by White.} Nd7 {[#]} 12. Ne4 $146 ({Predecessor:} 12. Nc4 Qe7 13. e4 N5f6 14. e5 Nd5 15. Qe2 a5 16. a4 Rfd8 17. Rfd1 Rac8 18. h4 Nf8 {1-0 (40) Svidler,P (2723)-Eljanov,P (2672) chess.com INT 2020}) 12... Ne3 $2 {[#]} (12... Qe7 $11) 13. Nxc5 $3 $18 {[%mdl 512] White is clearly better.} Nxd1 (13... bxc5 14. fxe3) 14. Nxb7 Qe7 15. Rfxd1 Nc5 16. Nxc5 Qxc5 17. Ne5 Rad8 {[#] Threatens to win with ...Rxd1+.} 18. Rdc1 Qb5 19. Rc2 Qa6 (19... f6 $142) 20. a4 f6 21. Nc6 Rd7 22. Ba3 Re8 23. Rac1 Rf7 $2 (23... h6 24. Nb4 Qa5) 24. Nb4 {White is clearly winning.} Qa5 25. Bc6 Rc8 26. Bb5 Rxc2 27. Rxc2 Rf8 28. Nd3 {Black got outplayed after the opening. Av CentiPawn Loss W=-4/B=-60. Weighted=-5/-75} 1-0

[Event "GER-ch Youth U16 2020"]
[Site "Willingen"]
[Date "2020.10.21"]
[Round "2.6"]
[White "Fromm, Marius"]
[Black "Nguyen, Alex Dac-Vuong"]
[Result "1-0"]
[WhiteElo "2190"]
[BlackElo "2343"]
[Annotator "TA"]
[PlyCount "79"]
[EventDate "2020.10.20"]
[EventType "swiss"]
[EventRounds "7"]
[EventCountry "GER"]
[SourceTitle "playchess.com"]
[Source "ChessBase"]
[SourceQuality "1"]

{[%evp 13,79,0,14,0,25,20,20,17,27,19,36,25,20,23,221,212,231,239,203,167,139,77,80,20,17,0,27,10,21,0,-11,-1,7,0,0,0,0,2,102,102,97,105,140,150,149,143,185,175,184,168,178,181,170,163,161,91,91,91,86,94,84,86,102,127,749,732,651,552]} 1. e4 e6 2. d4 d5 3. Nc3 Nf6 4. e5 Nfd7 5. f4 c5 6. Nf3 Nc6 7. Be3 Be7 8. dxc5 {C11: French: Classical System: 4 e5 and 4 Bg5 dxe4.} Nxc5 9. Be2 O-O 10. O-O {The position is equal.} b6 11. Qe1 {[#]} Bb7 $146 ({Predecessor:} 11... f5 12. exf6 Bxf6 13. Rd1 Qe7 14. Bb5 Bb7 15. Bxc6 Bxc6 16. Bd4 Rad8 17. Qe3 Bb7 {½-½ (25) Frolyanov,D (2550)-Korobov,A (2674) Sochi 2016}) 12. Rd1 Qc8 13. f5 d4 $2 {[#]} (13... exf5 $11 14. Nxd5 Rd8) 14. f6 $1 $18 ({Worse is} 14. Nxd4 Nxd4 15. f6 (15. Rxd4 exf5 16. Nd5 Bxd5 $11) 15... Nf5 $11) 14... gxf6 ({Much weaker is} 14... dxc3 15. Qh4 $18) 15. exf6 ({Not} 15. Nxd4 Nxe5 16. Bh6 Rd8 $15) 15... Bxf6 16. Nxd4 Bg7 17. Nxc6 ({Better is} 17. Ndb5) 17... Bxc6 $16 18. Rd4 (18. Bd4 $16 e5 19. Bxc5 bxc5 20. Nd5) 18... f5 $1 $11 19. Rh4 Qc7 20. Bc4 {Black must now prevent b4.} Rae8 21. Bd4 Bxd4+ 22. Rxd4 Qg7 $132 {[%csl Gc6][%cal Rg7g2][%mdl 2048] Black is fighting back} 23. Qg3 Rf6 24. Qxg7+ Kxg7 25. Rd6 e5 {[#]} (25... Rc8 $11) 26. Rxc6 $1 $16 {[%mdl 64] Remove Defender} Rxc6 27. Bb5 Rce6 {And now ...Rf8 would win.} 28. Bxe8 Rxe8 29. Rxf5 {[%mdl 4096] Endgame KRN-KRN} Kg6 30. g4 Nd7 31. Nd5 Re6 32. h3 Rd6 33. c4 Kg7 34. Rf2 (34. Rg5+ $18 Kf7 35. Rh5) 34... b5 35. Ne3 {aiming for Nf5+.} Rd3 36. Nf5+ Kg6 37. cxb5 Rxh3 38. Rd2 Nf6 $2 {[%mdl 8192]} (38... Nc5 $16) 39. Kg2 $18 Ne4 40. Rd7 {Av CentiPawn Loss W=-12/B=-30. Weighted=-13/-25} 1-0

[Event "GER-ch Youth U16 2020"]
[Site "Willingen"]
[Date "2020.10.21"]
[Round "2.7"]
[White "Lohvinov, Petro"]
[Black "Khachatryan, Taron"]
[Result "1/2-1/2"]
[WhiteElo "2152"]
[BlackElo "2136"]
[Annotator "TA"]
[PlyCount "44"]
[EventDate "2020.10.20"]
[EventType "swiss"]
[EventRounds "7"]
[EventCountry "GER"]
[SourceTitle "playchess.com"]
[Source "ChessBase"]
[SourceQuality "1"]

{[%evp 9,44,12,17,17,25,0,0,8,3,0,0,0,0,0,35,0,23,22,39,30,40,17,14,14,11,4,26,0,46,40,39,43,42,49,36,32,75]} 1. e4 c5 2. Nf3 d6 3. d4 cxd4 4. Qxd4 Nc6 5. Qe3 Nf6 6. Be2 {B53: Sicilian: 2...d6: Lines with Qxd4.} g6 7. h3 Bg7 8. O-O {The position is equal.} O-O 9. Rd1 Qc7 10. Nc3 a6 {[#]} 11. a3 $146 ({Predecessor:} 11. a4 Bd7 12. Bd2 Rfc8 13. Be1 Na5 14. b4 Nc6 15. Rab1 Be6 16. Nd5 Bxd5 17. exd5 {1-0 (39) Sankalp,G (2400)-Raja,R (2412) Montebelluna 2020}) 11... e6 12. Qg5 Re8 (12... d5 $5) 13. Qg3 Ne5 14. Nxe5 dxe5 15. Be3 b5 16. Qh4 Bb7 17. Rd2 Bc6 18. Rad1 (18. Bg5 $5 {[%cal Rg5f6]} Qe7 19. f3 $11) 18... Qb7 19. Bg5 {White is slightly better.} Nd7 20. Nd5 exd5 21. exd5 Bxd5 22. Rxd5 Nb6 {Av CentiPawn Loss W=-6/B=-10. Weighted=-6/-9} 1/2-1/2